<?xml version="1.0" encoding="UTF-8"?><marc:collection xmlns:marc="http://www.loc.gov/MARC21/slim">
  <marc:record>
    <marc:leader>00000nam##2200000za#4500</marc:leader>
    <marc:controlfield tag="001">9.617344</marc:controlfield>
    <marc:controlfield tag="003">CaOODSP</marc:controlfield>
    <marc:controlfield tag="005">20210615102120</marc:controlfield>
    <marc:controlfield tag="007">ta</marc:controlfield>
    <marc:controlfield tag="008">150406|2004||||xxc|||||     f|0| 0 eng|d</marc:controlfield>
    <marc:datafield tag="022" ind1=" " ind2=" ">
      <marc:subfield code="a">0706-6457</marc:subfield>
    </marc:datafield>
    <marc:datafield tag="040" ind1=" " ind2=" ">
      <marc:subfield code="a">CaOODSP</marc:subfield>
      <marc:subfield code="b">eng</marc:subfield>
    </marc:datafield>
    <marc:datafield tag="043" ind1=" " ind2=" ">
      <marc:subfield code="a">n-cn---</marc:subfield>
    </marc:datafield>
    <marc:datafield tag="086" ind1="1" ind2=" ">
      <marc:subfield code="a">Fs97-6/2552E</marc:subfield>
    </marc:datafield>
    <marc:datafield tag="110" ind1="1" ind2=" ">
      <marc:subfield code="a">Canada. </marc:subfield>
      <marc:subfield code="b">Department of Fisheries and Oceans.</marc:subfield>
    </marc:datafield>
    <marc:datafield tag="245" ind1="1" ind2="0">
      <marc:subfield code="a">Incidental catches of harbour porpoises (Phocoena phocoena) in the gillnet fishery of the Estuary and Gulf of St. Lawrence in 2000-2002 / </marc:subfield>
      <marc:subfield code="c">by V. Lesage...et al.  </marc:subfield>
    </marc:datafield>
    <marc:datafield tag="260" ind1=" " ind2=" ">
      <marc:subfield code="a">Ottawa - Ontario : </marc:subfield>
      <marc:subfield code="b">Fisheries and Oceans Canada </marc:subfield>
      <marc:subfield code="c">2004.</marc:subfield>
    </marc:datafield>
    <marc:datafield tag="300" ind1=" " ind2=" ">
      <marc:subfield code="a">iii, 37p. : </marc:subfield>
      <marc:subfield code="b">coloured maps, graphs, references, tables ; </marc:subfield>
      <marc:subfield code="c">28 cm.</marc:subfield>
    </marc:datafield>
    <marc:datafield tag="490" ind1="1" ind2=" ">
      <marc:subfield code="a">Canadian technical report of fisheries and aquatic sciences</marc:subfield>
      <marc:subfield code="x">0706-6457</marc:subfield>
      <marc:subfield code="v">2552</marc:subfield>
    </marc:datafield>
    <marc:datafield tag="520" ind1="3" ind2=" ">
      <marc:subfield code="a">This report is part of a series containing scientific and technical information that widens existing scientific knowledge but is not considered appropriate for publication in the primary literature. The research covers such subjects as ecosystem models, methods for enhancing aquaculture, commercial fishing equipment, and environmental threats to aquatic quality and fisheries resources. Includes tables, graphs, and charts.</marc:subfield>
    </marc:datafield>
    <marc:datafield tag="546" ind1=" " ind2=" ">
      <marc:subfield code="a">(Résumé en français.)</marc:subfield>
    </marc:datafield>
    <marc:datafield tag="563" ind1=" " ind2=" ">
      <marc:subfield code="a">Softcover</marc:subfield>
    </marc:datafield>
    <marc:datafield tag="590" ind1=" " ind2=" ">
      <marc:subfield code="a">05-21</marc:subfield>
      <marc:subfield code="b">2005-05-27</marc:subfield>
    </marc:datafield>
    <marc:datafield tag="720" ind1="1" ind2=" ">
      <marc:subfield code="a">Lesage, V.</marc:subfield>
    </marc:datafield>
    <marc:datafield tag="776" ind1="0" ind2="#">
      <marc:subfield code="t">Incidental catches of harbour porpoises (Phocoena phocoena) in the gillnet fishery of the Estuary and Gulf of St. Lawrence in 2000-2002 / </marc:subfield>
      <marc:subfield code="w">(CaOODSP)9.574134</marc:subfield>
    </marc:datafield>
    <marc:datafield tag="830" ind1="#" ind2="0">
      <marc:subfield code="a">Canadian technical report of fisheries and aquatic sciences,</marc:subfield>
      <marc:subfield code="x">0706-6457</marc:subfield>
      <marc:subfield code="v">2552</marc:subfield>
      <marc:subfield code="w">(CaOODSP)9.514691</marc:subfield>
    </marc:datafield>
  </marc:record>
</marc:collection>
